[Event "II. CLANSKA LIGA ZAHOD 2018"]
[Site "Komenda"]
[Date "2018.11.11"]
[Round "3.1"]
[White "Skoberne, Jure"]
[Black "Juranic, Bruno"]
[Result "1-0"]
[WhiteElo "2572"]
[BlackElo "2123"]
[PlyCount "57"]
[EventDate "2018.11.11"]
[WhiteTeam "SD POSOCJE"]
[BlackTeam "SD MATRIKA STARI TRG OB KOLPI"]

1. Nf3 Nf6 2. g3 d5 3. Bg2 Nc6 4. d4 Bf5 5. O-O Qd7 6. c4 e6 7. c5 Be4 8. Nc3
Bxf3 9. Bxf3 e5 10. e3 h5 11. b4 e4 12. Bg2 h4 13. f3 hxg3 14. hxg3 exf3 15.
Qxf3 O-O-O 16. Rb1 Ne7 17. b5 Nh7 18. c6 Qe6 19. cxb7+ Kb8 20. e4 Qb6 21. Be3
g5 22. Na4 Qg6 23. Nc5 dxe4 24. Qxf7 Qxf7 25. Rxf7 Nd5 26. Na6+ Kxb7 27. Bxe4
Ba3 28. Nxc7 Be7 29. Nxd5 1-0

[Event "II. CLANSKA LIGA ZAHOD 2018"]
[Site "Komenda"]
[Date "2018.11.11"]
[Round "3.2"]
[White "Baric, Dusan"]
[Black "Biti, Ozren"]
[Result "1/2-1/2"]
[WhiteElo "2091"]
[BlackElo "2368"]
[PlyCount "155"]
[EventDate "2018.11.11"]
[WhiteTeam "SD MATRIKA STARI TRG OB KOLPI"]
[BlackTeam "SD POSOCJE"]

1. e4 d6 2. d4 Nf6 3. Nc3 e5 4. dxe5 dxe5 5. Qxd8+ Kxd8 6. Bg5 Be6 7. O-O-O+
Nbd7 8. f4 exf4 9. Nf3 h6 10. Bxf4 Bc5 11. Nd4 Ng4 12. Bg3 Kc8 13. Nxe6 fxe6
14. Be2 Nge5 15. Rhf1 a6 16. Nb1 Kd8 17. Nd2 Bd6 18. Nc4 Nxc4 19. Bxc4 Ke7 20.
e5 Bc5 21. c3 Rhf8 22. Kc2 a5 23. a4 Rxf1 24. Rxf1 c6 25. Kd3 Bb6 26. b3 Rd8
27. Kc2 Bc7 28. Re1 Rf8 29. Bd3 Bb6 30. Re2 Nc5 31. Bg6 Kd7 32. Rd2+ Kc8 33.
Bh4 Rf1 34. b4 Nd7 35. Bg3 Bc7 36. Re2 Nf8 37. Bd3 Rf7 38. Kb3 g5 39. Kc4 Nd7
40. Kd4 h5 41. Bg6 Rf1 42. Bxh5 Kd8 43. Bg4 Ke7 44. h4 gxh4 45. Bxh4+ Kf7 46.
Bg3 axb4 47. cxb4 Rb1 48. Kc3 Rc1+ 49. Kb3 Rh1 50. a5 c5 51. Rc2 Rb1+ 52. Kc3
Rxb4 53. Bh5+ Ke7 54. a6 bxa6 55. Rd2 a5 56. Bf3 a4 57. Kc2 a3 58. Rd3 Ra4 59.
Kb1 Nb6 60. Ka2 Rb4 61. Rxa3 Nc4 62. Ra7 Kd7 63. Be1 Rb2+ 64. Ka1 Rc2 65. Bg3
Nd2 66. Rb7 c4 67. Rb2 Rc1+ 68. Ka2 c3 69. Rb5 Nxf3 70. gxf3 Rf1 71. Rc5 Rxf3
72. Be1 Bb6 73. Rxc3 Rf5 74. Rd3+ Ke7 75. Bb4+ Kf7 76. Rd7+ Kg8 77. Rd6 Bc7 78.
Rxe6 1/2-1/2

[Event "II. CLANSKA LIGA ZAHOD 2018"]
[Site "Komenda"]
[Date "2018.11.11"]
[Round "3.3"]
[White "Podlesnik, Bogdan"]
[Black "Kobe, Uros"]
[Result "1/2-1/2"]
[WhiteElo "2343"]
[BlackElo "2046"]
[PlyCount "86"]
[EventDate "2018.11.11"]
[WhiteTeam "SD POSOCJE"]
[BlackTeam "SD MATRIKA STARI TRG OB KOLPI"]

1. e4 e6 2. d4 d5 3. Nd2 c5 4. exd5 exd5 5. Bb5+ Nc6 6. Qe2+ Qe7 7. dxc5 Qxe2+
8. Nxe2 Bxc5 9. Nb3 Bb6 10. Bf4 Nge7 11. Bd6 Bd7 12. Nc5 Nf5 13. Nxd7 Ba5+ 14.
c3 Nxd6 15. Bxc6 bxc6 16. Ne5 Rc8 17. a4 O-O 18. b4 Rfe8 19. Nd3 Bd8 20. Ra2
Bf6 21. O-O Be7 22. Rc1 Nc4 23. a5 g6 24. Kf1 h5 25. g3 Kf8 26. h3 Kg7 27. Nc5
Nd6 28. Rac2 Bg5 29. Rd1 Bf6 30. Nb3 h4 31. g4 Re4 32. Nd2 Re7 33. c4 Rce8 34.
Ng1 Rb8 35. cxd5 cxd5 36. Ndf3 Rxb4 37. Rxd5 Nc4 38. g5 Bb2 39. Nxh4 Na3 40.
Rcd2 Nb1 41. Rc2 Na3 42. Rcd2 Nb1 43. Rc2 Na3 1/2-1/2

[Event "II. CLANSKA LIGA ZAHOD 2018"]
[Site "Komenda"]
[Date "2018.11.11"]
[Round "3.4"]
[White "Bedic, Slavko"]
[Black "Beletic, Danijel"]
[Result "0-1"]
[WhiteElo "1852"]
[BlackElo "2364"]
[PlyCount "72"]
[EventDate "2018.11.11"]
[WhiteTeam "SD MATRIKA STARI TRG OB KOLPI"]
[BlackTeam "SD POSOCJE"]

1. d4 d6 2. c4 e5 3. dxe5 dxe5 4. Qxd8+ Kxd8 5. Bd2 Be6 6. e4 Nc6 7. Nc3 Kc8 8.
O-O-O Nf6 9. h3 Bb4 10. f3 Nh5 11. b3 Ng3 12. Rh2 Rd8 13. Nge2 Nxf1 14. Rxf1 a5
15. Rd1 a4 16. Nxa4 Bxc4 17. Bxb4 Nxb4 18. Rxd8+ Kxd8 19. Nec3 Nxa2+ 20. Kb2
Nxc3 21. Nxc3 Be6 22. Rh1 Ke7 23. h4 Ra6 24. Rb1 h5 25. Kc2 Ra3 26. Rb2 Ra1 27.
Rb1 Rxb1 28. Nxb1 f5 29. Nd2 f4 30. Kd3 Kd6 31. Kc3 c5 32. Nf1 b5 33. g3 b4+
34. Kc2 fxg3 35. Nxg3 g6 36. Nf1 c4 0-1

[Event "II. CLANSKA LIGA ZAHOD 2018"]
[Site "Komenda"]
[Date "2018.11.11"]
[Round "3.5"]
[White "Ursic, Mateja"]
[Black "Danculovic, Jovica"]
[Result "0-1"]
[WhiteElo "1985"]
[BlackElo "1798"]
[PlyCount "86"]
[EventDate "2018.11.11"]
[WhiteTeam "SD POSOCJE"]
[BlackTeam "SD MATRIKA STARI TRG OB KOLPI"]

1. e4 c5 2. Nc3 g6 3. f4 Nc6 4. Bb5 Nd4 5. Bc4 Bg7 6. Nge2 e6 7. O-O Ne7 8. Bb3
O-O 9. d3 Nec6 10. Qe1 Nxb3 11. axb3 f5 12. Ng3 Nd4 13. Qd1 b6 14. Nce2 Bb7 15.
c3 Nxe2+ 16. Qxe2 Re8 17. e5 d5 18. d4 cxd4 19. cxd4 a5 20. Rf3 Ba6 21. Qd1 Bf8
22. Bd2 Qd7 23. Nf1 Qb5 24. h3 Rac8 25. g4 fxg4 26. hxg4 Qe2 27. Bc3 Qxd1 28.
Rxd1 Be2 29. Rdd3 Bxd3 30. Rxd3 Bb4 31. Ng3 Bxc3 32. bxc3 b5 33. f5 b4 34. c4
dxc4 35. bxc4 Rxc4 36. Ne4 Re7 37. f6 Rd7 38. Nd6 Rxd6 39. exd6 Rc6 40. d7 Rd6
41. Re3 Kf7 42. g5 Rxd7 43. Re4 Rd5 0-1

[Event "II. CLANSKA LIGA ZAHOD 2018"]
[Site "Komenda"]
[Date "2018.11.11"]
[Round "3.6"]
[White "Brgan, Niko"]
[Black "Ursic, Jakob"]
[Result "1-0"]
[WhiteElo "2079"]
[BlackElo "1925"]
[PlyCount "79"]
[EventDate "2018.11.11"]
[WhiteTeam "SD MATRIKA STARI TRG OB KOLPI"]
[BlackTeam "SD POSOCJE"]

1. e4 e5 2. Bc4 Nf6 3. Nc3 Nc6 4. d3 Na5 5. Bb3 Nxb3 6. axb3 Be7 7. Bg5 h6 8.
Bh4 d6 9. Nge2 c6 10. O-O Nh7 11. Bxe7 Qxe7 12. Ng3 O-O 13. f4 d5 14. fxe5 dxe4
15. d4 c5 16. Nd5 Qd8 17. dxc5 Ng5 18. c4 Re8 19. Rf4 Ne6 20. Rxe4 Nxc5 21. Re1
Be6 22. b4 Nd7 23. Qd4 Nb6 24. Rad1 Qc8 25. b3 Nd7 26. Ne4 Qb8 27. Nd6 Rf8 28.
b5 a6 29. b6 Bxd5 30. cxd5 f6 31. Nc4 fxe5 32. Nxe5 Nxe5 33. Rxe5 Re8 34. d6
Rxe5 35. Qxe5 Qe8 36. Re1 Qc6 37. Qe6+ Kh8 38. d7 Qxe6 39. Rxe6 Kg8 40. Re8+
1-0

[Event "II. CLANSKA LIGA ZAHOD 2018"]
[Site "Komenda"]
[Date "2018.11.11"]
[Round "3.1"]
[White "Juhant, Igor"]
[Black "Buha, Drago"]
[Result "0-1"]
[WhiteElo "1987"]
[BlackElo "1950"]
[PlyCount "80"]
[EventDate "2018.11.11"]
[WhiteTeam "SK KOMENDA"]
[BlackTeam "SD RADOVLJICA"]

1. e4 d6 2. c4 Nf6 3. Nc3 e5 4. Nf3 Nc6 5. d4 exd4 6. Nxd4 Bd7 7. Be2 Be7 8.
O-O O-O 9. Be3 h6 10. f4 Nh7 11. Nd5 Nf6 12. Bf3 Nxd4 13. Bxd4 Bc6 14. Qd2 Bxd5
15. cxd5 c5 16. Bc3 Qd7 17. Qf2 Ne8 18. Qg3 b5 19. b3 a5 20. e5 Ra7 21. Rad1
Qd8 22. Be4 Qc8 23. e6 f5 24. Bb1 Kh7 25. Qh3 g6 26. g4 Bf6 27. Bxf6 Nxf6 28.
gxf5 c4 29. fxg6+ Kg7 30. Qe3 Re7 31. Qb6 Rd8 32. Qxb5 c3 33. Bc2 Qc7 34. Rf3
Qa7+ 35. Kg2 Rc8 36. f5 Rc5 37. Qd3 Qb7 38. Qd4 Rec7 39. Kg3 Rxd5 40. Qf2 Rxd1
0-1

[Event "II. CLANSKA LIGA ZAHOD 2018"]
[Site "Komenda"]
[Date "2018.11.11"]
[Round "3.2"]
[White "Prestrl, Jozef"]
[Black "Kralj, Nejc"]
[Result "1/2-1/2"]
[WhiteElo "1877"]
[BlackElo "1734"]
[PlyCount "60"]
[EventDate "2018.11.11"]
[WhiteTeam "SD RADOVLJICA"]
[BlackTeam "SK KOMENDA"]

1. Nf3 Nf6 2. d4 d5 3. Nbd2 Bf5 4. Nb3 e6 5. Bg5 h6 6. Bh4 Be7 7. h3 Bh7 8. e3
O-O 9. Bd3 Nbd7 10. Bxh7+ Nxh7 11. Bxe7 Qxe7 12. O-O c5 13. dxc5 Nxc5 14. Nxc5
Qxc5 15. c3 Nf6 16. Qd4 Rac8 17. Qxc5 Rxc5 18. a4 Rb8 19. Ra3 Ne4 20. Rd1 b5
21. Rb3 Rb6 22. Rd4 bxa4 23. Rxb6 axb6 24. Rxa4 Rb5 25. Ra2 Ra5 26. Rxa5 bxa5
27. Kf1 Kf8 28. Ke2 Ke7 29. Ne5 a4 30. f3 Nc5 1/2-1/2

[Event "II. CLANSKA LIGA ZAHOD 2018"]
[Site "Komenda"]
[Date "2018.11.11"]
[Round "3.3"]
[White "Novak, Anze"]
[Black "Torkar, Boris"]
[Result "1-0"]
[WhiteElo "1670"]
[BlackElo "1820"]
[PlyCount "171"]
[EventDate "2018.11.11"]
[WhiteTeam "SK KOMENDA"]
[BlackTeam "SD RADOVLJICA"]

1. d4 d5 2. c4 e6 3. Nf3 Nf6 4. g3 Be7 5. Bg2 O-O 6. O-O c6 7. Nc3 b6 8. Ne5
Bb7 9. Qa4 Nfd7 10. Nd3 dxc4 11. Qxc4 Ba6 12. Qa4 Bxd3 13. exd3 Nf6 14. Be3 b5
15. Qb3 a6 16. Rac1 Qa5 17. Bf4 Rc8 18. Ne4 Nd5 19. Bd6 Qd8 20. Bc5 Nd7 21.
Rfd1 N7f6 22. a3 h6 23. Qc2 Nh7 24. Qe2 Qd7 25. Rc2 f5 26. Bxe7 fxe4 27. Bc5
exd3 28. Qxd3 Ng5 29. h4 Nf7 30. Re1 Nd6 31. Bxd6 Qxd6 32. Rce2 Re8 33. Bh3 Nc7
34. Qg6 Qxd4 35. Bxe6+ Nxe6 36. Rxe6 Rf8 37. R1e2 Qd1+ 38. Re1 Qd4 39. R1e2 a5
40. Qc2 c5 41. Qb3 Qc4 42. Qxc4 bxc4 43. Rc2 Rab8 44. Re5 Rb5 45. Ree2 Rd8 46.
Rxc4 Rd4 47. Rxd4 cxd4 48. Rd2 Rd5 49. Kg2 Kf7 50. Kf3 Ke6 51. Ke4 g5 52. hxg5
hxg5 53. Rxd4 Re5+ 54. Kd3 Rb5 55. b4 Rf5 56. Ke3 axb4 57. axb4 Rb5 58. Rc4 Kf6
59. g4 Re5+ 60. Kf3 Rd5 61. Rc6+ Kf7 62. Rc5 Rd4 63. b5 Kf6 64. Rc6+ Ke5 65.
Rc5+ Kf6 66. Rc6+ Kf7 67. b6 Rb4 68. Rc7+ Kf6 69. b7 Kg6 70. Ke3 Kf6 71. Kd3
Ke5 72. Rc5+ Kf6 73. Rc7 Ke5 74. Rf7 Rb3+ 75. Kc4 Rb2 76. Kc5 Ke6 77. Rh7 Rc2+
78. Kb6 Rxf2 79. b8=Q Rb2+ 80. Kc7 Rc2+ 81. Kd8 Rd2+ 82. Kc8 Rc2+ 83. Rc7 Rd2
84. Rc6+ Kf7 85. Qb3+ Ke8 86. Qe3+ 1-0

[Event "II. CLANSKA LIGA ZAHOD 2018"]
[Site "Komenda"]
[Date "2018.11.11"]
[Round "3.4"]
[White "Kocevar, Tugomir"]
[Black "Zidar, Jernej"]
[Result "0-1"]
[WhiteElo "1864"]
[BlackElo "1511"]
[PlyCount "164"]
[EventDate "2018.11.11"]
[WhiteTeam "SD RADOVLJICA"]
[BlackTeam "SK KOMENDA"]

1. e4 c5 2. c3 Nf6 3. e5 Nd5 4. Nf3 d6 5. d4 cxd4 6. cxd4 e6 7. Nc3 Nxc3 8.
bxc3 Nc6 9. Bb5 Be7 10. O-O O-O 11. a4 Qc7 12. Ba3 Rd8 13. Qe2 dxe5 14. Bxc6
bxc6 15. Bxe7 Qxe7 16. Nxe5 Qc7 17. Qc4 Bb7 18. a5 Rac8 19. a6 Ba8 20. Nd3 Qd6
21. f4 Qd5 22. Qxd5 cxd5 23. Nc5 g6 24. g4 Rd6 25. Rae1 Re8 26. f5 Kg7 27. Re5
Bc6 28. fxe6 fxe6 29. g5 Bd7 30. Rf6 Bc8 31. h4 Kg8 32. h5 gxh5 33. g6 hxg6 34.
Rxg6+ Kf7 35. Rh6 Rg8+ 36. Kf2 Bxa6 37. Rhxh5 Bc8 38. Rh7+ Rg7 39. Reh5 Rd8 40.
Nd3 Rf8 41. Ke3 Rfg8 42. Ne5+ Ke7 43. Nc6+ Kd6 44. Nxa7 Bd7 45. Rxg7 Rxg7 46.
Rh8 Kc7 47. Kf4 Kb7 48. Ke5 Kxa7 49. Kd6 Kb7 50. Rd8 Bc8 51. Kc5 Rc7+ 52. Kb4
Rc4+ 53. Kb3 Kc7 54. Re8 Bd7 55. Ra8 Kd6 56. Rh8 Ba4+ 57. Kb2 Rc7 58. Rh3 Rg7
59. Ka3 Bc2 60. Kb4 Rb7+ 61. Ka3 Ke7 62. Rg3 Kf6 63. Rf3+ Kg5 64. Re3 Be4 65.
Rh3 Kf4 66. Ka2 Bf3 67. Ka3 Bg4 68. Rd3 Bf3 69. Ka2 Ke4 70. Rd2 Ke3 71. Rh2 Kd3
72. Rh3 Kc2 73. Ka3 Rb3+ 74. Ka2 Rxc3 75. Rh6 Rc4 76. Rh2+ Kd3 77. Rh6 Bg4 78.
Rg6 Bf5 79. Rg3+ Kxd4 80. Kb2 e5 81. Rg5 Bc8 82. Rg8 e4 0-1

[Event "II. CLANSKA LIGA ZAHOD 2018"]
[Site "Komenda"]
[Date "2018.11.11"]
[Round "3.5"]
[White "Zlicar, Jure"]
[Black "Krivec, Metod"]
[Result "1/2-1/2"]
[WhiteElo "1232"]
[BlackElo "1753"]
[PlyCount "50"]
[EventDate "2018.11.11"]
[WhiteTeam "SK KOMENDA"]
[BlackTeam "SD RADOVLJICA"]

1. e4 e6 2. d4 d5 3. e5 c5 4. c3 Qb6 5. Nf3 Bd7 6. Be2 Nc6 7. O-O Rc8 8. Qb3
Qc7 9. Nbd2 Nge7 10. Rd1 Ng6 11. Nf1 Be7 12. Be3 O-O 13. Ng3 a6 14. a3 c4 15.
Qc2 f6 16. exf6 Bxf6 17. Bg5 Bxg5 18. Nxg5 Qd8 19. Nf3 Nf4 20. Bf1 Qf6 21. Ne2
Nd3 22. Ng3 Nf4 23. Ne2 Nd3 24. Ng3 Nf4 25. Ne2 Nd3 1/2-1/2

[Event "II. CLANSKA LIGA ZAHOD 2018"]
[Site "Komenda"]
[Date "2018.11.11"]
[Round "3.6"]
[White "Cerne, Anton"]
[Black "Perme, Martin"]
[Result "0-1"]
[WhiteElo "1703"]
[BlackElo "1201"]
[PlyCount "132"]
[EventDate "2018.11.11"]
[WhiteTeam "SD RADOVLJICA"]
[BlackTeam "SK KOMENDA"]

1. d4 d5 2. e3 c6 3. g3 Bf5 4. Bg2 Nf6 5. Nc3 e6 6. Nge2 Bd6 7. O-O Nbd7 8. Re1
O-O 9. a4 Rc8 10. Bd2 c5 11. Nb5 Bb8 12. Rc1 Ne4 13. Bxe4 Bxe4 14. f3 Bxf3 15.
Rf1 Bg4 16. Qe1 b6 17. Qf2 Nf6 18. Nbc3 Bf5 19. Rfd1 Ne4 20. Nxe4 Bxe4 21. Nc3
Bf5 22. Qg2 cxd4 23. exd4 Qf6 24. Be3 Bd6 25. Rf1 Qe7 26. Nb5 a6 27. Nc3 Bb4
28. Nd1 Be4 29. Qf2 Bf5 30. c3 Bd6 31. Qe2 Qd7 32. Ra1 Bg6 33. Nf2 b5 34. Qd1
b4 35. Bd2 bxc3 36. Bxc3 Qe7 37. Qd2 Rb8 38. Nd1 Bb4 39. Rc1 h6 40. Ne3 Bxc3
41. bxc3 Rb7 42. Rfe1 Be4 43. Ng4 Rfb8 44. Nf2 Rb2 45. Qe3 Bg6 46. Re2 Qf6 47.
Rf1 Qf5 48. Rd2 Rxd2 49. Qxd2 Qf6 50. Ng4 Qe7 51. Ne5 Rc8 52. Nxg6 fxg6 53. Qd3
g5 54. Rf3 a5 55. Qb5 Qa3 56. Qxa5 Qc1+ 57. Kg2 Qc2+ 58. Kg1 Qd1+ 59. Kg2 Qc2+
60. Kg1 Qe4 61. Kf2 Qc2+ 62. Kg1 Rb8 63. Qa7 Qc1+ 64. Kg2 Rb2+ 65. Kh3 g4+ 66.
Kxg4 Qg5+ 0-1

[Event "II. CLANSKA LIGA ZAHOD 2018"]
[Site "Komenda"]
[Date "2018.11.11"]
[Round "3.1"]
[White "Siraj, Anej"]
[Black "Luzar, Emil"]
[Result "0-1"]
[WhiteElo "1905"]
[BlackElo "2115"]
[PlyCount "52"]
[EventDate "2018.11.11"]
[WhiteTeam "SD VRHNIKA"]
[BlackTeam "SK DOLENJSKE TOPLICE"]

1. d4 Nf6 2. Nf3 g6 3. Bg5 Bg7 4. c3 d6 5. Nbd2 O-O 6. e4 c6 7. Be2 Nbd7 8. O-O
e5 9. Qc2 Re8 10. dxe5 dxe5 11. Rad1 Qc7 12. a4 h6 13. Bh4 Nh5 14. Bc4 Nf8 15.
b4 Be6 16. Ba2 Nf4 17. c4 g5 18. Bg3 N8g6 19. Rfe1 Qe7 20. Qc3 g4 21. Bxf4 Nxf4
22. Nxe5 Qf6 23. g3 Nh3+ 24. Kg2 Qxf2+ 25. Kh1 Qf6 26. Rf1 Qxe5 0-1

[Event "II. CLANSKA LIGA ZAHOD 2018"]
[Site "Komenda"]
[Date "2018.11.11"]
[Round "3.2"]
[White "Pucelj, Joze"]
[Black "Novak, Robert"]
[Result "1-0"]
[WhiteElo "2100"]
[BlackElo "1696"]
[PlyCount "87"]
[EventDate "2018.11.11"]
[WhiteTeam "SK DOLENJSKE TOPLICE"]
[BlackTeam "SD VRHNIKA"]

1. e4 e5 2. Nf3 Nc6 3. Bb5 a6 4. Ba4 Nf6 5. O-O Be7 6. Qe2 b5 7. Bb3 d6 8. c3
Bg4 9. a4 Na5 10. Bc2 c6 11. d4 O-O 12. Nbd2 Re8 13. h3 Bh5 14. g4 Nxg4 15.
hxg4 Bxg4 16. Re1 Bh4 17. Nf1 Re6 18. N1h2 Bh5 19. Qd3 Bf6 20. dxe5 dxe5 21.
Qxd8+ Bxd8 22. axb5 cxb5 23. Be3 Rg6+ 24. Kf1 h6 25. Nxe5 Re6 26. Bd4 Bc7 27.
Nef3 Rc8 28. e5 Nc6 29. Bf5 Ree8 30. Bxc8 Rxc8 31. Rxa6 Ne7 32. Rea1 Bg6 33.
Ra8 Kh7 34. Rxc8 Nxc8 35. Ke2 Bf5 36. Nf1 g5 37. Ne3 Be6 38. Nd2 Kg6 39. Ne4 h5
40. Nc5 Bf5 41. Nxf5 Kxf5 42. Ra8 Nb6 43. Rf8 Kg6 44. Na6 1-0

[Event "II. CLANSKA LIGA ZAHOD 2018"]
[Site "Komenda"]
[Date "2018.11.11"]
[Round "3.3"]
[White "Siraj, Svit"]
[Black "Muhic, Jure"]
[Result "0-1"]
[WhiteElo "1713"]
[BlackElo "1848"]
[PlyCount "58"]
[EventDate "2018.11.11"]
[WhiteTeam "SD VRHNIKA"]
[BlackTeam "SK DOLENJSKE TOPLICE"]

1. d4 Nf6 2. Nf3 g6 3. Bg5 Bg7 4. Nc3 d5 5. e3 O-O 6. Be2 c5 7. Ne5 Qa5 8. Qd2
Nc6 9. Nxc6 bxc6 10. h4 Rb8 11. Rb1 Ba6 12. Bxa6 Qxa6 13. h5 cxd4 14. exd4 e5
15. dxe5 Ng4 16. f4 f6 17. exf6 Rbe8+ 18. Kd1 Nxf6 19. hxg6 hxg6 20. Bh6 d4 21.
Qxd4 Rd8 22. Qxd8 Rxd8+ 23. Ke1 Ng4 24. Bxg7 Kxg7 25. Rd1 Re8+ 26. Kd2 Nf2 27.
Rde1 Rd8+ 28. Kc1 Nxh1 29. Rxh1 Qc4 0-1

[Event "II. CLANSKA LIGA ZAHOD 2018"]
[Site "Komenda"]
[Date "2018.11.11"]
[Round "3.4"]
[White "Janko, Roman"]
[Black "Siraj, Vita"]
[Result "1-0"]
[WhiteElo "1869"]
[BlackElo "1404"]
[PlyCount "103"]
[EventDate "2018.11.11"]
[WhiteTeam "SK DOLENJSKE TOPLICE"]
[BlackTeam "SD VRHNIKA"]

1. e4 e5 2. Bc4 Nc6 3. Qh5 g6 4. Qf3 Nf6 5. c3 d6 6. d3 Be6 7. Bg5 Bg7 8. Nd2
h6 9. Bxf6 Qxf6 10. Qg3 O-O-O 11. Bxe6+ fxe6 12. Ne2 Rdf8 13. h4 h5 14. Nf3 Bh6
15. Ng5 Bxg5 16. hxg5 Qe7 17. O-O-O d5 18. f4 exf4 19. Nxf4 Qd6 20. Rhf1 Rf7
21. exd5 exd5 22. Qh3+ Kb8 23. Qe6 Rhf8 24. Qxd6 cxd6 25. g3 Rf5 26. Rfe1 Ne5
27. d4 Nf3 28. Nxg6 Nxe1 29. Nxf8 Rxf8 30. Rxe1 Rg8 31. Re6 Rxg5 32. Rxd6 Kc7
33. Rh6 Kd7 34. Kc2 Kc7 35. Kb3 Kd7 36. Kb4 Kc7 37. a4 Kd7 38. a5 Rxg3 39. Rxh5
Kc6 40. Rh6+ Kc7 41. Kc5 Rg2 42. Rh7+ Kb8 43. a6 bxa6 44. Kc6 Rg6+ 45. Kxd5 Rb6
46. b4 a5 47. bxa5 Rb5+ 48. Kc6 a6 49. c4 Rb4 50. Kc5 Ra4 51. d5 Rxa5+ 52. Kb6
1-0

[Event "II. CLANSKA LIGA ZAHOD 2018"]
[Site "Komenda"]
[Date "2018.11.11"]
[Round "3.5"]
[White "Stanar, Luka"]
[Black "Gorse, Damjan"]
[Result "0-1"]
[WhiteElo "1694"]
[BlackElo "1797"]
[PlyCount "106"]
[EventDate "2018.11.11"]
[WhiteTeam "SD VRHNIKA"]
[BlackTeam "SK DOLENJSKE TOPLICE"]

1. g3 d5 2. d4 Bf5 3. Bg2 e6 4. e3 Nf6 5. Nf3 c5 6. O-O Nc6 7. c3 a6 8. Nbd2
Be7 9. b3 cxd4 10. exd4 Ne4 11. Bb2 O-O 12. Re1 b5 13. b4 Bg6 14. Nxe4 Bxe4 15.
Nd2 Bxg2 16. Kxg2 Rc8 17. Kg1 Bf6 18. Nf3 Qd6 19. Re2 Nb8 20. Qd2 Nd7 21. Ng5
h6 22. Nf3 Rc7 23. Rc1 Rfc8 24. Rc2 Nb6 25. Ba1 Na4 26. Ne5 Be7 27. Nd3 Nb6 28.
Nb2 Qd7 29. Nd3 Nc4 30. Qc1 a5 31. a3 Ra7 32. Nb2 Nxa3 33. Rcd2 axb4 34. Rd3
bxc3 35. Nd1 b4 36. Ra2 Nc4 37. Rxa7 Qxa7 38. Ne3 Nxe3 39. fxe3 Ra8 40. Rd1 Qa2
41. Qb1 Qxb1 42. Rxb1 c2 43. Rc1 b3 44. Bb2 Ra2 45. Bc3 Ba3 46. Re1 c1=Q 47.
Rxc1 Bxc1 48. e4 Bb2 49. Bxb2 Rxb2 50. exd5 exd5 51. h4 Rc2 52. g4 b2 53. g5
b1=Q# 0-1

[Event "II. CLANSKA LIGA ZAHOD 2018"]
[Site "Komenda"]
[Date "2018.11.11"]
[Round "3.6"]
[White "Volf, Zdravko"]
[Black "Drasler, Matej"]
[Result "1-0"]
[WhiteElo "2001"]
[BlackElo "1672"]
[PlyCount "89"]
[EventDate "2018.11.11"]
[WhiteTeam "SK DOLENJSKE TOPLICE"]
[BlackTeam "SD VRHNIKA"]

1. e4 e5 2. Nf3 Nc6 3. d4 exd4 4. Nxd4 Nxd4 5. Qxd4 Nf6 6. Nc3 d6 7. Bg5 Be7 8.
Bc4 c6 9. h3 h6 10. Bh4 O-O 11. f4 Nh5 12. Bxe7 Qxe7 13. Ne2 Be6 14. Bd3 Rad8
15. O-O Nf6 16. Qf2 d5 17. e5 Ne4 18. Bxe4 dxe4 19. Nc3 Bc4 20. Rfe1 Bd5 21.
Nxe4 Bxe4 22. Rxe4 f5 23. Re2 c5 24. Rae1 g5 25. fxg5 hxg5 26. Rd2 Rxd2 27.
Qxd2 Rd8 28. Qc3 Rd4 29. Qf3 Qe6 30. Qxb7 Qxa2 31. e6 Re4 32. Qf7+ Kh8 33. Qh5+
Kg8 34. Qxg5+ Kf8 35. Qxf5+ Ke7 36. Qxc5+ Kxe6 37. Rxe4+ Kf6 38. Qe7+ Kf5 39.
g4+ Kg6 40. Re6+ Qxe6 41. Qxe6+ Kg5 42. Kg2 Kf4 43. h4 a5 44. Kf2 a4 45. Qf5#
1-0

[Event "II. CLANSKA LIGA ZAHOD 2018"]
[Site "Komenda"]
[Date "2018.11.11"]
[Round "3.1"]
[White "Rojs, Igor"]
[Black "Persl, Bojan"]
[Result "0-1"]
[WhiteElo "2007"]
[BlackElo "2080"]
[PlyCount "82"]
[EventDate "2018.11.11"]
[WhiteTeam "SK TRZIN"]
[BlackTeam "SK LJUBJANA"]

1. d4 Nf6 2. Nf3 e6 3. g3 d5 4. Bg2 Be7 5. O-O O-O 6. c4 dxc4 7. Nc3 Nc6 8. e4
Rb8 9. a4 a6 10. Be3 b5 11. Ne1 e5 12. d5 Nb4 13. h3 Nd7 14. f4 Bd6 15. f5 f6
16. Rf2 Bc5 17. Qd2 Qe7 18. g4 Bxe3 19. Qxe3 Nc5 20. Bf1 Nb3 21. Rd1 Rd8 22. h4
c6 23. g5 cxd5 24. Nxd5 Nxd5 25. exd5 Qc5 26. Qe4 Rb6 27. Bg2 Nd4 28. gxf6 gxf6
29. Qg4+ Kh8 30. Qh5 Bxf5 31. Kh1 Bg6 32. Qg4 Rg8 33. Qd7 Rd6 34. Qb7 Nf5 35.
Rdd2 Nxh4 36. Bh3 Be4+ 37. Kh2 Qe3 38. Bg2 Qg3+ 39. Kh1 Nxg2 40. Nxg2 f5 41.
Kg1 Bxg2 0-1

[Event "II. CLANSKA LIGA ZAHOD 2018"]
[Site "Komenda"]
[Date "2018.11.11"]
[Round "3.2"]
[White "Trussevich, Simon"]
[Black "Borisek, Anze"]
[Result "1-0"]
[WhiteElo "2009"]
[BlackElo "1916"]
[PlyCount "77"]
[EventDate "2018.11.11"]
[WhiteTeam "SK LJUBJANA"]
[BlackTeam "SK TRZIN"]

1. d4 d5 2. c4 c6 3. e3 e6 4. Nc3 f5 5. Nf3 Nf6 6. Bd3 Bd6 7. O-O O-O 8. b3 Ne4
9. Qc2 Nd7 10. a4 Qe7 11. Nb1 e5 12. Ba3 Rf6 13. Bxd6 Qxd6 14. dxe5 Nxe5 15.
Nxe5 Qxe5 16. Nd2 Nxd2 17. Qxd2 Be6 18. Qb4 Rf7 19. g3 Rd7 20. cxd5 Bxd5 21.
Bc4 Rad8 22. Rad1 Qe4 23. Bxd5+ Rxd5 24. Rxd5 Qxb4 25. Rxd8+ Kf7 26. Rd3 Ke6
27. h4 h6 28. h5 Kf6 29. Rc1 Kg5 30. Rc4 Qe1+ 31. Kg2 Kxh5 32. Rd7 g5 33. Rxb7
Qa5 34. Rxa7 Qb6 35. Ra6 Qxb3 36. Rcxc6 Qa2 37. Rxh6+ Kg4 38. Rad6 Qb3 39. f3#
1-0

[Event "II. CLANSKA LIGA ZAHOD 2018"]
[Site "Komenda"]
[Date "2018.11.11"]
[Round "3.3"]
[White "Rijavec, Stane"]
[Black "Zmavc, Mark"]
[Result "0-1"]
[WhiteElo "1868"]
[BlackElo "1727"]
[PlyCount "58"]
[EventDate "2018.11.11"]
[WhiteTeam "SK TRZIN"]
[BlackTeam "SK LJUBJANA"]

1. Nf3 d5 2. d4 Nf6 3. Bf4 c5 4. e3 Nc6 5. c3 Qb6 6. Qb3 c4 7. Qc2 Bf5 8. Qc1
e6 9. Nbd2 Be7 10. b3 cxb3 11. axb3 O-O 12. Be2 Rfc8 13. Qb2 h6 14. O-O Nh5 15.
Bg3 Nxg3 16. hxg3 a5 17. Rfc1 Rcb8 18. Ne1 Qd8 19. Bd3 Bxd3 20. Nxd3 b5 21. Nf4
Ra7 22. e4 dxe4 23. Nxe4 b4 24. Rd1 bxc3 25. Qxc3 Nb4 26. Rac1 Na2 27. Qc2 Nxc1
28. Rxc1 Qxd4 29. Qc6 Qb6 0-1

[Event "II. CLANSKA LIGA ZAHOD 2018"]
[Site "Komenda"]
[Date "2018.11.11"]
[Round "3.4"]
[White "Sivcevic, Nusret"]
[Black "Krupenko, Peter"]
[Result "1-0"]
[WhiteElo "1748"]
[BlackElo "1764"]
[PlyCount "63"]
[EventDate "2018.11.11"]
[WhiteTeam "SK LJUBJANA"]
[BlackTeam "SK TRZIN"]

1. f4 d5 2. Nf3 Nf6 3. c3 e6 4. g3 Be7 5. Qc2 O-O 6. d3 b6 7. e4 dxe4 8. dxe4
Ba6 9. Be3 Bxf1 10. Rxf1 Nbd7 11. Nbd2 Ng4 12. Bg1 Bc5 13. h3 Ngf6 14. g4 Bxg1
15. Rxg1 Nc5 16. Ne5 Nfd7 17. Nef3 Nf6 18. Ke2 Qc8 19. b4 Qa6+ 20. c4 Qa4 21.
Qb1 Nb7 22. e5 Nd7 23. Qe4 Rab8 24. Ng5 g6 25. a3 Nd8 26. Qd3 a5 27. Nde4 axb4
28. axb4 Qxb4 29. Rgb1 Qe7 30. Qxd7 Re8 31. Nf6+ Kh8 32. Qxe8+ 1-0

[Event "II. CLANSKA LIGA ZAHOD 2018"]
[Site "Komenda"]
[Date "2018.11.11"]
[Round "3.6"]
[White "Topolovec, Vid"]
[Black "Grum, Andrej"]
[Result "1-0"]
[WhiteElo "1671"]
[BlackElo "1764"]
[PlyCount "51"]
[EventDate "2018.11.11"]
[WhiteTeam "SK LJUBJANA"]
[BlackTeam "SK TRZIN"]

1. e4 c5 2. Nf3 a6 3. d4 cxd4 4. Nxd4 Nf6 5. Nc3 e5 6. Nf5 d5 7. Bg5 d4 8. Bxf6
Qxf6 9. Nd5 Qc6 10. Ng3 Be6 11. Qf3 Bxd5 12. exd5 Qxc2 13. Bd3 Bb4+ 14. Kf1 Qc7
15. Qg4 g6 16. Ne4 Nd7 17. Qg5 Be7 18. Rc1 Qb6 19. Qh6 Qd8 20. d6 Bf8 21. Qh3
Bg7 22. Rc7 f5 23. Nc5 Nxc5 24. Rxg7 Nxd3 25. Re7+ Kf8 26. Qh6+ 1-0

[Event "II. CLANSKA LIGA ZAHOD 2018"]
[Site "Komenda"]
[Date "2018.11.11"]
[Round "4.1"]
[White "Juranic, Bruno"]
[Black "Persl, Bojan"]
[Result "1/2-1/2"]
[WhiteElo "2123"]
[BlackElo "2080"]
[PlyCount "34"]
[EventDate "2018.11.11"]
[WhiteTeam "SD MATRIKA STARI TRG OB KOLPI"]
[BlackTeam "SK LJUBLJANA"]

1. e4 e5 2. Nf3 Nc6 3. Bc4 Nf6 4. d3 Be7 5. O-O O-O 6. Re1 d6 7. c3 Na5 8. Nbd2
Nxc4 9. Nxc4 c6 10. Ne3 g6 11. Qc2 Nh5 12. d4 Qc7 13. Rd1 Rd8 14. Re1 Rf8 15.
Rd1 Rd8 16. Re1 Rf8 17. Rd1 Rd8 1/2-1/2